Score 0/34 Timer 04:00
0 Plays Today
Clue 4-Letter Rung % Correct
Gathering of wolvesPACK
94.5%
Fly like an eagleSOAR
91.7%
Ice chipperPICK
91.4%
✼ [First Rung] topping: _____ cream ✼✼ SOUR ✼
89.6%
✼ Fast food chain: _____ [Last Rung] ✼✼ TACO ✼
89.4%
Fill a water glassPOUR
88.3%
Great Barrier, e.g.REEF
87.6%
✼ [First Rung] topping: _____ de gallo ✼✼ PICO ✼
87.4%
✼ Fast food chain: [First Rung] _____✼ BELL ✼
85.3%
✼ [First Rung] shell type ✼✼ HARD ✼
84.2%
Part of an oboe or bassoonREED
83.1%
✼ [First Rung] filling ✼✼ BEEF ✼
82.2%
Shakespeare, e.g.BARD
81.4%
National or Central, e.g.PARK
81.3%
SulkPOUT
80.5%
Swiss cityBERN
80%
✼ [First Rung] shell type ✼✼ SOFT ✼
79.7%
Clue 4-Letter Rung % Correct
Listen!HARK
79.5%
Nickname for FranciscoPACO
79.3%
Burn or charSEAR
79.3%
Type of owl, spider, or swallowBARN
78.7%
PeruseREAD
78.2%
Sing a tune loudlyBELT
78.1%
Studio apartmentLOFT
77.4%
Borscht basisBEET
77.1%
✼ [First Rung] filling ✼✼ BEAN ✼
75%
This was 'Not Taken' by Robert FrostROAD
74.2%
Brown or black, e.g.BEAR
73.8%
Plants' water gathererROOT
73.2%
Buffoon or oafLOUT
72.7%
Pan for goldSIFT
72.5%
An angry mob resultRIOT
72.1%
FissureRIFT
66.7%
Large cross in a churchROOD
63%

Today's Daily Dose

Remove Ads.
Support Sporcle.
Get the best of Sporcle when you Go Orange. This ad-free experience offers more features, more stats, and more fun while also helping to support Sporcle. Thank you for becoming a member.

You're not logged in!

Compare scores with friends on all Sporcle quizzes.
OR
Log In

Show Comments

Extras

Top Quizzes Today


Score Distribution

Your Account Isn't Verified!

In order to create a playlist on Sporcle, you need to verify the email address you used during registration. Go to your Sporcle Settings to finish the process.

Report this User

Report this user for behavior that violates our Community Guidelines.

Details: